000 00987nas a2200289 4500
001 BR8200922
003 BR-BrBNA
005 20231205085035.0
007 ta
008 230509b bl.|||p| |||| 00| 00por d
040 _aBR-BrBNA
_bpor
_cBiblioteca Nacional de Agricultura
041 _a(Pt)
072 _aF60
100 1 _aCid, L.P.B.
100 1 _aOliva, M.A.
100 1 _aCardoso, A.A.
245 1 _aEfeito do potencial hidrico sobre a embebicao, a respiracao e a germinacao da leguminosa Cratylia floribunda [Semente]
246 1 _aEffect of water potential on imbibition, respiration and germination of leguminous Cratylia floribunda [Seed]
650 _aFisiologia vegetal
650 _aSemente
650 _aLeguminosa
650 _aGerminacao
650 _aBalanco hidrico
773 0 _tPesquisa Agropecuaria Brasileira (Brazil)
_xISSN 0100-204X
_g(Nov 1981), v. 16(6) p. 883-890
_wBR8200922
909 _a202311
_bLúcia
_c55
_dLúcia Elande
942 _2AGRIS
_n0
_cANA
999 _c108837
_d108837